02531cam a22003615a 45000010009000000050017000090080041000260100017000670200029000840200026001130400033001390420008001720820020001802450110002002500012003102600050003223000035003725000024004075040041004315201252004725900011017246500031017356500042017666510010018086530024018186530024018427000042018667000043019087000035019519420024019869990017020109520142020271798715220161030110232.0140103s2014 ne b 001 0 eng  a 2014000085 a9780123969835 (hardback) a0123969832 (hardback) aDLCbengcDLCdDLCdEG-ScBUE apcc04222a610.28bKUM00aNatural and synthetic biomedical polymers /cedited by Sangamesh G. Kumbar, Cato T. Laurencin, Meng Deng. a1st ed. aBurlington, Massachusetts :bElsevier,c2014. axvii, 402 p. :c29 cm.bill. ; aIndex : p. 397-402. aIncludes bibliographical references. a"Polymer scientists have made an extensive research for the development of biodegradable polymers which could find enormous applications in the area of medical science. Today, various biopolymers have been prepared and utilized in different biomedical applications. Despite the apparent proliferation of biopolymers in medical science, the Science and Technology of biopolymers is still in its early stages of development. Tremendous opportunities exist and will continue to exist for the penetration of biopolymers in every facet of medical science through intensive Research and Development. Therefore, this chapter addresses different polymerization methods and techniques employed for the preparation of biopolymers. An emphasis is given to cover the general properties of biopolymers, synthetic protocols and their biomedical applications. In order to make the useful biomedical devices from the polymers to meet the demands of medical science, various processing techniques employed for the development of devices have been discussed. Further, perspectives in this field have been highlighted and at the end arrived at the conclusions. The relevant literature was collected from different sources including Google sites, books and reviews"-- aWessam 7aBiopolymers.2BUEsh940064 7aBiodegradable plastics.2BUEsh940063 2BUEsh bENGCHEcOctober2016 bENGGENcOctober20161 aKumbar, Sangamesh‏.eeditor.9416411 aLaurencin, Cato T.‏ eeditor.9416421 aDeng, Meng‏.eeditor.941643 2ddce22k610.28 NAT c22898d22870 00102ddc40708BaccahaMAINbMAINc1STd2016-10-30ePurchaseg1040.00h3652l0o610.28 KUMp000034235r2025-07-15 00:00:00v1300.00yBB